[Event "IHEM 2001"]
[Site "?"]
[Date "2001.06.02"]
[Round "1.1"]
[White "Bach, Matthias"]
[Black "Ftacnik, Lubomir"]
[Result "0-1"]
[WhiteElo "2335"]
[BlackElo "2615"]
[PlyCount "88"]
[EventDate "2001.??.??"]

1. d4 Nf6 2. c4 g6 3. Nc3 d5 4. cxd5 Nxd5 5. g3 Bg7 6. Bg2 Nb6 7. Nf3 Nc6 8.
O-O O-O 9. d5 Na5 10. Be3 Nac4 11. Bd4 Nxb2 12. Qb3 N2c4 13. Bxg7 Kxg7 14. Rad1
Bg4 15. Rd4 Bxf3 16. Bxf3 Ne5 17. Bg2 c5 18. Re4 Ned7 19. Qb2 Nf6 20. Rf4 Rb8
21. Rd1 Kg8 22. d6 exd6 23. Nb5 Ne8 24. Nxa7 Ng7 25. Rb1 Nd7 26. Bxb7 Ne5 27.
a4 Ne6 28. Qb5 Qg5 29. Re4 Nd8 30. Qa6 Qf5 31. g4 Nxg4 32. f3 d5 33. Nc8 Qf6
34. Qa7 Rxb7 35. Rxb7 dxe4 36. Ne7+ Kg7 37. fxg4 Nxb7 38. Qxb7 Rd8 39. Qxe4
Rd1+ 40. Kg2 Qf1+ 41. Kg3 Rd4 42. Qe3 Qf6 43. a5 Qd6+ 44. Kf3 Kf8 0-1

[Event "IHEM 2001"]
[Site "?"]
[Date "2001.06.02"]
[Round "1.2"]
[White "Hector, Johnny"]
[Black "Pajeken, Wolfgang"]
[Result "1-0"]
[WhiteElo "2545"]
[BlackElo "2335"]
[PlyCount "59"]
[EventDate "2001.??.??"]

1. e4 Nf6 2. Nc3 d5 3. e5 Ne4 4. Nce2 d4 5. Nf3 Nc6 6. c3 dxc3 7. bxc3 Bg4 8.
d4 Qd5 9. Qc2 e6 10. Bb2 g5 11. Nc1 O-O-O 12. Bd3 Bxf3 13. gxf3 Nxc3 14. Bxc3
Nxd4 15. Bxd4 Qxd4 16. Rb1 Qxe5+ 17. Kf1 Bc5 18. Rb5 b6 19. Nb3 a6 20. Rxc5
bxc5 21. Bxa6+ Kd7 22. Kg2 Ke7 23. Na5 Rd6 24. Nc4 Qd5 25. Nxd6 cxd6 26. Rb1
Ra8 27. Rb7+ Kf6 28. Qxh7 e5 29. Qh6+ Kf5 30. Bd3+ 1-0

[Event "IHEM 2001"]
[Site "?"]
[Date "2001.06.02"]
[Round "1.4"]
[White "Levin, Felix"]
[Black "Heyken, Enno"]
[Result "1-0"]
[WhiteElo "2535"]
[BlackElo "2330"]
[PlyCount "187"]
[EventDate "2001.??.??"]

1. d4 e6 2. c4 Nf6 3. Nf3 d5 4. g3 dxc4 5. Bg2 a6 6. O-O b5 7. Ne5 Nd5 8. a4 c6
9. b3 cxb3 10. Qxb3 Bb7 11. Rd1 Nd7 12. e4 N5f6 13. Bg5 Be7 14. Nxd7 Qxd7 15.
e5 Nd5 16. Bxe7 Qxe7 17. Nd2 O-O 18. Ne4 a5 19. axb5 Rfb8 20. Rdb1 Bc8 21. Nd6
cxb5 22. Nxc8 Rxc8 23. Bxd5 exd5 24. Qxd5 Rd8 25. Qxb5 Rxd4 26. Rxa5 Rad8 27.
Qc6 Qd7 28. Qxd7 R4xd7 29. Kg2 g6 30. Rb2 h5 31. Kh3 Kg7 32. f4 Kh6 33. Ra6 Re7
34. Kh4 Rc8 35. Rab6 Rc4 36. R6b4 Rec7 37. Rxc4 Rxc4 38. Rb6 Rc2 39. h3 Rc4 40.
Rf6 Re4 41. g4 hxg4 42. hxg4 Kg7 43. Kg5 Re1 44. Ra6 Re2 45. Ra7 Re1 46. Re7
Re2 47. Kh4 Kf8 48. Rb7 Kg7 49. Rb5 Re4 50. Kg3 Kf8 51. f5 gxf5 52. gxf5 Ke7
53. Kf3 Re1 54. Rb7+ Ke8 55. Kf4 Rg1 56. Rb8+ Kd7 57. Rb7+ Ke8 58. f6 Rf1+ 59.
Ke4 Re1+ 60. Kd5 Rd1+ 61. Kc6 Rc1+ 62. Kd6 Rd1+ 63. Kc6 Rc1+ 64. Kd5 Rd1+ 65.
Ke4 Re1+ 66. Kf4 Rf1+ 67. Kg3 Re1 68. Re7+ Kf8 69. Kf3 Rf1+ 70. Ke2 Ra1 71. Rc7
Ke8 72. Kd3 Re1 73. Kd4 Rd1+ 74. Kc5 Rc1+ 75. Kd6 Rd1+ 76. Kc6 Rc1+ 77. Kb7 Re1
78. Re7+ Kf8 79. Kc8 Rc1+ 80. Kd8 Rd1+ 81. Rd7 Rc1 82. Rd5 Rc2 83. Kd7 Rc1 84.
Kd6 Rc2 85. Ra5 Rd2+ 86. Kc5 Rc2+ 87. Kd4 Rd2+ 88. Ke3 Rd8 89. Ke4 Ke8 90. Kf5
Rb8 91. e6 fxe6+ 92. Kg6 Kd7 93. f7 Ke7 94. Kg7 1-0

[Event "IHEM 2001"]
[Site "?"]
[Date "2001.06.02"]
[Round "1.5"]
[White "Lindinger, Markus"]
[Black "Brodsky, Michail"]
[Result "0-1"]
[WhiteElo "2295"]
[BlackElo "2525"]
[PlyCount "74"]
[EventDate "2001.??.??"]

1. d4 Nf6 2. Nf3 e6 3. Bg5 h6 4. Bh4 d6 5. Nc3 g5 6. Bg3 Nh5 7. e3 Bg7 8. Bc4
Nd7 9. Nd2 Nxg3 10. hxg3 Qe7 11. Qe2 a6 12. a4 b6 13. d5 Bb7 14. dxe6 fxe6 15.
f4 Nc5 16. O-O d5 17. Qh5+ Qf7 18. Be2 Qxh5 19. Bxh5+ Ke7 20. fxg5 Bxc3 21.
bxc3 hxg5 22. Rf7+ Kd6 23. Bf3 Raf8 24. Rg7 Rhg8 25. Rxg8 Rxg8 26. c4 a5 27.
cxd5 exd5 28. c4 g4 29. Be2 Rg7 30. Rf1 Nxa4 31. Rf4 Nc3 32. Bxg4 a4 33. cxd5
Bxd5 34. e4 Be6 35. e5+ Kxe5 36. Nf3+ Kd6 37. Rd4+ Kc5 0-1

[Event "IHEM 2001"]
[Site "?"]
[Date "2001.06.02"]
[Round "1.7"]
[White "Langrock, Hannes"]
[Black "Rausis, Igors"]
[Result "0-1"]
[WhiteElo "2260"]
[BlackElo "2500"]
[PlyCount "71"]
[EventDate "2001.??.??"]

1. Nf3 b6 2. d4 Bb7 3. g3 e6 4. Bg2 f5 5. O-O Nf6 6. c4 Be7 7. Nc3 O-O 8. Qc2
Qe8 9. Rd1 Qh5 10. d5 Na6 11. a3 Nc5 12. dxe6 dxe6 13. Bf4 Be4 14. Nxe4 fxe4
15. Nd2 Ng4 16. Nf1 Nxf2 17. Kxf2 e5 18. Kg1 exf4 19. gxf4 Rxf4 20. b4 Ne6 21.
Ng3 Qh6 22. e3 Rg4 23. Qe2 Rg5 24. Nxe4 Rg6 25. Rd5 Qh4 26. Ng3 Rf8 27. Rh5 Qf6
28. Rf1 Qc3 29. Rxf8+ Nxf8 30. Be4 Rf6 31. Qd3 Qe1+ 32. Kg2 g6 33. Re5 Bd6 34.
Re8 Rf2+ 35. Kh3 Rxh2+ 36. Kg4 0-1

[Event "IHEM 2001"]
[Site "?"]
[Date "2001.06.02"]
[Round "1.8"]
[White "Farago, Ivan"]
[Black "Engelbert, Christoph"]
[Result "1/2-1/2"]
[WhiteElo "2485"]
[BlackElo "2235"]
[PlyCount "72"]
[EventDate "2001.??.??"]

1. d4 g6 2. c4 Bg7 3. e4 d6 4. Nc3 e5 5. Nf3 exd4 6. Nxd4 Nc6 7. Be3 Nge7 8.
Be2 O-O 9. O-O f5 10. Qd2 fxe4 11. Nxe4 Nf5 12. Nxf5 Bxf5 13. Nc3 Qf6 14. Rfd1
Kh8 15. Rac1 Rae8 16. Nd5 Qf7 17. b4 Ne5 18. a4 Be6 19. f4 Ng4 20. Bxa7 b6 21.
h3 Bxd5 22. Bxg4 Bc6 23. a5 h5 24. Bf3 Bxf3 25. gxf3 bxa5 26. bxa5 Qf5 27. Kg2
Ra8 28. Bd4 Rxa5 29. c5 Rfa8 30. Bxg7+ Kxg7 31. Qd4+ Kh6 32. cxd6 cxd6 33. h4
Ra4 34. Qxd6 Qxf4 35. Qxf4+ Rxf4 36. Kg3 Raf8 1/2-1/2

[Event "IHEM 2001"]
[Site "?"]
[Date "2001.06.02"]
[Round "1.9"]
[White "Putzbach, Gerd"]
[Black "Lanka, Zigurds"]
[Result "0-1"]
[WhiteElo "2235"]
[BlackElo "2480"]
[PlyCount "130"]
[EventDate "2001.??.??"]

1. d4 Nf6 2. c4 c5 3. d5 b5 4. cxb5 a6 5. Nc3 axb5 6. Nxb5 Ba6 7. Nc3 g6 8. e4
Bxf1 9. Kxf1 d6 10. g3 Bg7 11. Kg2 Nbd7 12. Nge2 O-O 13. Rf1 Qa5 14. Bd2 Ne5
15. b3 Qa6 16. f4 Nd3 17. Rb1 Nd7 18. a4 f5 19. Nb5 Qb7 20. exf5 Qxd5+ 21. Rf3
Qxf5 22. Bc3 N3e5 23. Re3 Nf6 24. h3 Nc6 25. Nc7 Ra7 26. g4 Qc8 27. Ne6 Nb4 28.
Nxf8 Nfd5 29. Rf3 Nxc3 30. Nxc3 Qxf8 31. Nd5 Nc6 32. Qd3 Nd4 33. Re3 Qa8 34.
Qe4 e6 35. Nb6 Qd8 36. a5 Rxa5 37. Na4 d5 38. Qd3 c4 39. Qd2 Nxb3 40. Qb4 Bf8
41. Qb6 Qxb6 42. Nxb6 Ra2+ 43. Kh1 Bc5 44. Rbxb3 cxb3 45. Rxb3 Ra7 46. Rb5 Be3
47. Rb4 Rf7 48. Rb5 Bxf4 49. Nxd5 exd5 50. Rxd5 Kg7 51. Kg2 Rb7 52. Kf3 Bb8 53.
g5 Kf7 54. Rd8 Ke6 55. Kg4 Rb4+ 56. Kf3 Kf5 57. Rd7 Rh4 58. Rd5+ Be5 59. Kg2
Rh5 60. Ra5 Rxg5+ 61. Kf2 Ke4 62. Ra3 Bd4+ 63. Ke2 Rg2+ 64. Kf1 Rf2+ 65. Ke1
Rf3 0-1

[Event "IHEM 2001"]
[Site "?"]
[Date "2001.06.02"]
[Round "1.10"]
[White "Kopylov, Michael"]
[Black "Dankert, Peter"]
[Result "0-1"]
[WhiteElo "2440"]
[BlackElo "2230"]
[PlyCount "84"]
[EventDate "2001.??.??"]

1. e4 Nf6 2. e5 Nd5 3. d4 d6 4. c4 Nb6 5. exd6 exd6 6. Nc3 Be7 7. Qf3 Nc6 8.
Be3 O-O 9. O-O-O Be6 10. b3 d5 11. c5 Nc8 12. Nh3 Qd7 13. Be2 Bd8 14. Nf4 N8e7
15. g4 b6 16. h3 Rb8 17. Rhe1 Na5 18. Qg3 Qc8 19. Nd3 Ng6 20. g5 c6 21. f4 Ne7
22. Bg4 Nf5 23. Qf3 Qa6 24. Bf2 Bc7 25. Re2 Nb7 26. Na4 Na5 27. Ne5 b5 28. Nb2
Nc4 29. bxc4 bxc4 30. Nbxc4 dxc4 31. Nxc6 c3 32. Nxb8 Qa3+ 33. Kc2 Qxa2+ 34.
Kc1 Qa3+ 35. Kc2 Bb3+ 36. Kb1 Rxb8 37. Qb7 c2+ 38. Rxc2 Bxc2+ 39. Kxc2 Rxb7 40.
Kd2 Rb2+ 41. Ke1 Ba5+ 42. Kf1 Ne3+ 0-1

[Event "IHEM 2001"]
[Site "?"]
[Date "2001.06.02"]
[Round "1.11"]
[White "Maahs, Erich"]
[Black "Reeh, Oliver"]
[Result "1/2-1/2"]
[WhiteElo "2195"]
[BlackElo "2410"]
[PlyCount "38"]
[EventDate "2001.??.??"]

1. e4 c5 2. b3 Nc6 3. Bb2 d6 4. Bb5 e5 5. Ne2 Nf6 6. d3 Be7 7. O-O O-O 8. Bxc6
bxc6 9. Nd2 g6 10. Nc4 Nh5 11. f4 exf4 12. Nxf4 Nxf4 13. Rxf4 Bg5 14. Rf1 f6
15. Qf3 Be6 16. Ne3 d5 17. Rad1 Rb8 18. Kh1 d4 19. Nc4 Qe7 1/2-1/2

[Event "IHEM 2001"]
[Site "?"]
[Date "2001.06.02"]
[Round "1.12"]
[White "Loeffler, Stefan"]
[Black "Klarner, William R"]
[Result "1-0"]
[WhiteElo "2410"]
[BlackElo "2195"]
[PlyCount "63"]
[EventDate "2001.??.??"]

1. Nf3 c5 2. g3 g6 3. Bg2 Bg7 4. O-O Nc6 5. e3 Nf6 6. d4 O-O 7. d5 Nb8 8. Nc3
d6 9. e4 Bg4 10. Bf4 Nfd7 11. Qd2 Bxf3 12. Bxf3 Ne5 13. Be2 Na6 14. Kg2 Qb6 15.
Rab1 Rfc8 16. Bg5 f6 17. Be3 Qa5 18. f4 Nf7 19. h4 c4 20. h5 b5 21. a3 Nc5 22.
Rh1 Rab8 23. hxg6 hxg6 24. Bg4 Rf8 25. Bxc5 dxc5 26. Be6 b4 27. Kg1 Rfd8 28.
Qh2 Rb6 29. Qh7+ Kf8 30. Qxg6 Rxe6 31. dxe6 Nd6 32. Rh7 1-0

[Event "IHEM 2001"]
[Site "?"]
[Date "2001.06.02"]
[Round "1.13"]
[White "Dave, Shreyas"]
[Black "Siebrecht, Sebastian"]
[Result "0-1"]
[WhiteElo "2130"]
[BlackElo "2390"]
[PlyCount "44"]
[EventDate "2001.??.??"]

1. d4 g6 2. Nf3 Bg7 3. e4 c6 4. Nc3 d5 5. h3 Nh6 6. Bf4 f6 7. Bd3 Nf7 8. Bh2
O-O 9. Qe2 e5 10. dxe5 fxe5 11. O-O-O d4 12. Bc4 Qe7 13. Nb1 b5 14. Bb3 a5 15.
h4 a4 16. Bxf7+ Rxf7 17. Qd2 Na6 18. Ng5 Nb4 19. Na3 Nxa2+ 20. Kb1 Be6 21. Nxe6
Qxe6 22. Qe2 Nb4 0-1

[Event "IHEM 2001"]
[Site "?"]
[Date "2001.06.02"]
[Round "1.15"]
[White "Fjodorow, Peter"]
[Black "Breyther, Ruediger"]
[Result "0-1"]
[WhiteElo "2000"]
[BlackElo "2360"]
[PlyCount "78"]
[EventDate "2001.??.??"]

1. e4 c5 2. Nf3 e6 3. d4 cxd4 4. Nxd4 Nf6 5. Bd3 Nc6 6. Nxc6 dxc6 7. O-O e5 8.
Bg5 Be7 9. Nc3 O-O 10. a4 Ng4 11. Bxe7 Qxe7 12. Bc4 Rd8 13. Qf3 Rd4 14. b3 Nf6
15. Ne2 Bg4 16. Nxd4 Bxf3 17. Nxf3 h6 18. Rad1 Kf8 19. Rd2 a6 20. a5 Qc5 21.
Rfd1 Qxa5 22. b4 Qxb4 23. Nxe5 Qc5 24. Rd7 Qxe5 25. Rxf7+ Ke8 26. Rxb7 Rb8 27.
Rxg7 Rd8 28. Rb1 Qd4 29. Bd3 Qe5 30. h3 Rb8 31. Rd1 Rd8 32. Rb1 Rd7 33. Rb7
Rxb7 34. Rxb7 a5 35. g3 a4 36. Ra7 Qd4 37. Ra8+ Ke7 38. Kg2 Nxe4 39. Ra5 Qxf2+
0-1

[Event "IHEM 2001"]
[Site "?"]
[Date "2001.06.03"]
[Round "2.2"]
[White "Siebrecht, Sebastian"]
[Black "Hector, Johnny"]
[Result "0-1"]
[WhiteElo "2393"]
[BlackElo "2546"]
[PlyCount "50"]
[EventDate "2001.??.??"]

1. c4 Nf6 2. Nc3 e5 3. g3 d5 4. cxd5 Nxd5 5. Bg2 Nb6 6. d3 Nc6 7. Bxc6+ bxc6 8.
Nf3 Bd6 9. d4 exd4 10. Qxd4 O-O 11. Ne4 Qe7 12. Nxd6 cxd6 13. Bg5 f6 14. Be3
Ba6 15. Nh4 c5 16. Qg4 Bc8 17. Nf5 Qd7 18. Bh6 Rf7 19. e4 Qb5 20. Bf4 Bxf5 21.
Qxf5 g6 22. Qe6 Re8 23. Qxd6 Rd7 24. Qxf6 Nd5 25. Qg5 Nb4 0-1

[Event "IHEM 2001"]
[Site "?"]
[Date "2001.06.03"]
[Round "2.4"]
[White "Brodsky, Michail"]
[Black "Loeffler, Stefan"]
[Result "1/2-1/2"]
[WhiteElo "2529"]
[BlackElo "2413"]
[PlyCount "38"]
[EventDate "2001.??.??"]

1. e4 Nf6 2. e5 Nd5 3. d4 d6 4. Nf3 dxe5 5. Nxe5 c6 6. c4 Nb4 7. Nd3 e5 8. dxe5
Bf5 9. Nxb4 Bxb4+ 10. Bd2 Qa5 11. Bxb4 Qxb4+ 12. Qd2 Na6 13. Be2 Rd8 14. Qc3 {
(=)} 14... O-O 15. O-O Rfe8 16. a3 Qc5 17. b4 Qxe5 18. Qxe5 Rxe5 19. Nc3 c5 {
(=)} 1/2-1/2

[Event "IHEM 2001"]
[Site "?"]
[Date "2001.06.03"]
[Round "2.5"]
[White "Dankert, Peter"]
[Black "Mueller, Karsten"]
[Result "0-1"]
[WhiteElo "2232"]
[BlackElo "2525"]
[PlyCount "72"]
[EventDate "2001.??.??"]

1. d4 d5 2. Nf3 c6 3. c4 Nf6 4. Nc3 e6 5. Bg5 h6 6. Bxf6 Qxf6 7. e3 Nd7 8. Bd3
Bd6 9. O-O O-O 10. e4 dxc4 11. e5 Qd8 12. Bxc4 Be7 13. Qe2 Re8 14. Rfd1 Nf8 15.
Ne4 b6 16. Rac1 {(=)} 16... Bb7 17. Qe3 Ng6 18. g3 Rc8 19. h4 Rc7 20. h5 Nf8
21. Bb3 Nh7 22. Nh2 Bg5 23. f4 Be7 24. Ng4 Rd7 25. f5 Bg5 26. Nxg5 Nxg5 27. f6
Rxd4 28. fxg7 Kxg7 29. Nf6 Rf8 30. Rxd4 Qxd4 31. Qxd4 Nf3+ 32. Kf2 Nxd4 33. Rd1
c5 34. Bc4 Rd8 35. g4 Bc6 36. Kg3 Nf5+ 0-1

[Event "IHEM 2001"]
[Site "?"]
[Date "2001.06.03"]
[Round "2.6"]
[White "Rausis, Igors"]
[Black "Buhr, Carl Christian"]
[Result "1/2-1/2"]
[WhiteElo "2500"]
[BlackElo "2392"]
[PlyCount "69"]
[EventDate "2001.??.??"]

1. e4 c5 2. Nf3 Nc6 3. d4 cxd4 4. Nxd4 Qc7 5. Nc3 e6 6. Be3 a6 7. Qd2 Nf6 8.
O-O-O Bb4 9. f3 Ne5 10. Nb3 b5 11. Bd4 Nc6 12. Bxf6 gxf6 13. a3 Bf8 14. f4 Rb8
15. Qe3 Na5 16. Nxa5 Qxa5 17. Na2 b4 18. Nxb4 Bxb4 19. axb4 Qa1+ 20. Kd2 Qxb2
21. Qc3 Qxb4 22. Qxb4 Rxb4 23. Bd3 Kd8 24. Ra1 Bb7 25. Rhe1 Rg8 26. g3 Rb6 27.
Ra5 d6 28. Rea1 Ke7 29. Ke3 Rb4 30. Rh5 Rh8 31. Ra3 Rb6 32. Rc3 Rc8 33. Ra3 Rh8
34. Rc3 Rc8 35. Ra3 1/2-1/2

[Event "IHEM 2001"]
[Site "?"]
[Date "2001.06.03"]
[Round "2.7"]
[White "Rogozenko, Dorian"]
[Black "Maahs, Erich"]
[Result "1-0"]
[WhiteElo "2537"]
[BlackElo "2199"]
[PlyCount "57"]
[EventDate "2001.??.??"]

1. d4 d5 2. Nf3 Nc6 3. c4 e5 4. Nxe5 Nxe5 5. dxe5 d4 6. g3 Ne7 7. Bg5 c6 8. Bg2
Qa5+ 9. Nd2 Ng6 10. O-O h6 11. Bf4 Nxf4 12. gxf4 c5 13. e3 Qa6 14. exd4 cxd4
15. Nb3 Be6 16. Qxd4 Rd8 17. Bd5 b5 18. Rfd1 Be7 19. Qe4 bxc4 20. Bc6+ Kf8 21.
Rxd8+ Bxd8 22. Nc5 Qb6 23. Nxe6+ fxe6 24. f5 g6 25. f6 Qc5 26. Kh1 Bc7 27. Rd1
Rh7 28. f4 Bb6 29. Ba4 1-0

[Event "IHEM 2001"]
[Site "?"]
[Date "2001.06.03"]
[Round "2.8"]
[White "Reeh, Oliver"]
[Black "Farago, Ivan"]
[Result "1/2-1/2"]
[WhiteElo "2414"]
[BlackElo "2485"]
[PlyCount "47"]
[EventDate "2001.??.??"]

1. d4 Nf6 2. c4 e6 3. Nf3 b6 4. e3 d5 5. b3 Bb7 6. Bd3 Bd6 7. O-O O-O 8. Bb2
Nbd7 9. Nc3 a6 10. Rc1 Ne4 11. Ne2 Qe7 12. Qc2 Rac8 13. Ne5 c5 14. Nxd7 Qxd7
15. dxc5 Bxc5 16. Bxe4 dxe4 17. Rfd1 Qe7 18. Nc3 Bd6 19. Nxe4 Bxh2+ 20. Kxh2
Qh4+ 21. Kg1 Qxe4 22. Qxe4 Bxe4 23. Rd6 Bc6 24. Bd4 {(=)} 1/2-1/2

[Event "IHEM 2001"]
[Site "?"]
[Date "2001.06.03"]
[Round "2.10"]
[White "Langrock, Hannes"]
[Black "Kopylov, Michael"]
[Result "1/2-1/2"]
[WhiteElo "2261"]
[BlackElo "2444"]
[PlyCount "95"]
[EventDate "2001.??.??"]

1. e4 c5 2. d4 cxd4 3. c3 dxc3 4. Nxc3 e6 5. Nf3 a6 6. Bc4 b5 7. Bb3 Bb7 8. Qe2
d6 9. O-O Nd7 10. Rd1 b4 11. Na4 Qa5 12. a3 Ngf6 13. Qe1 Bxe4 14. axb4 Qh5 15.
Nd4 d5 16. Bf4 g5 17. Bg3 Be7 18. f3 Bg6 19. Nc6 g4 20. fxg4 Qxg4 21. Nxe7 Kxe7
22. Bxd5 Nxd5 23. Rxd5 Nf6 24. Bh4 Rhd8 25. Nb6 Qf4 26. Rad1 Ke8 27. Rxd8+ Rxd8
28. Rxd8+ Kxd8 29. Bf2 Ne4 30. Be3 Qd6 31. Nc4 Qd5 32. Nd2 Nd6 33. Bc5 Nb5 34.
Nf3 Ke8 35. Ne5 Qe4 36. Qxe4 Bxe4 37. Nc4 Kd7 38. Kf2 f6 39. g3 Kc6 40. Nd2 Bd5
41. Ke3 e5 42. g4 Nc7 43. Be7 Be6 44. Bxf6 Nd5+ 45. Ke4 Nxf6+ 46. Kxe5 Nxg4+
47. Kxe6 Nxh2 48. Nb3 1/2-1/2

[Event "IHEM 2001"]
[Site "?"]
[Date "2001.06.03"]
[Round "2.11"]
[White "Klarner, William R"]
[Black "Bach, Matthias"]
[Result "0-1"]
[WhiteElo "2197"]
[BlackElo "2339"]
[PlyCount "90"]
[EventDate "2001.??.??"]

1. e4 e5 2. Nf3 Nc6 3. Bb5 a6 4. Bxc6 bxc6 5. d4 exd4 6. Nxd4 g6 7. O-O Bg7 8.
Nc3 Ne7 9. Bg5 O-O 10. Qd2 Rb8 11. Rad1 Qe8 12. b3 c5 13. Nde2 d6 14. Rfe1 Nc6
15. Bh6 f6 16. Bxg7 Kxg7 17. f3 Bb7 18. Nd5 Rf7 19. Ne3 h5 20. c3 Qe5 21. Nf4
Kh7 22. Nc4 Qg5 23. Nd5 Qxd2 24. Rxd2 a5 25. Nb2 Ba6 26. c4 Nd4 27. Re3 Bb7 28.
Nc3 Re7 29. Ne2 Nxe2+ 30. Rdxe2 Rbe8 31. Kf2 Bc6 32. Na4 Bxa4 33. bxa4 Kg7 34.
Rb2 f5 35. Rb7 Kf6 36. e5+ Rxe5 37. Rxe5 Kxe5 38. Rxc7 Kd4 39. Ra7 Kxc4 40.
Rxa5 d5 41. Ra6 d4 42. Rd6 d3 43. a5 Kc3 44. a6 d2 45. a7 Kc2 0-1

[Event "IHEM 2001"]
[Site "?"]
[Date "2001.06.03"]
[Round "2.12"]
[White "Pajeken, Wolfgang"]
[Black "Putzbach, Gerd"]
[Result "1/2-1/2"]
[WhiteElo "2337"]
[BlackElo "2235"]
[PlyCount "103"]
[EventDate "2001.??.??"]

1. c4 c5 2. Nf3 b6 3. g3 Bb7 4. Bg2 g6 5. O-O Bg7 6. Nc3 Nf6 7. d4 cxd4 8. Qxd4
d6 9. Qh4 h6 10. Qd4 Nbd7 11. b3 O-O 12. Bb2 Ne4 13. Qe3 Nxc3 14. Bxc3 Bxc3 15.
Qxc3 Rc8 16. Rfd1 Nf6 17. Rd4 Qc7 18. Rad1 Rfd8 19. h4 e5 20. Nxe5 Bxg2 21.
Nxg6 fxg6 22. Kxg2 Ne8 23. Qe3 h5 24. Re4 Qc6 25. f3 Kh7 26. Re7+ Ng7 27. Qd4
Rg8 28. Qf6 d5 29. Qxc6 Rxc6 30. Rxd5 Re6 31. Rxe6 Nxe6 32. Rd6 Nc5 33. e4 Rg7
34. Kf2 Rd7 35. Rd5 Kg7 36. Ke3 Re7 37. b4 Ne6 38. f4 Nc7 39. Rd8 Ne8 40. e5
Nf6 41. Kd4 Ng4 42. c5 bxc5+ 43. bxc5 Nh6 44. c6 Kf7 45. Kd5 Nf5 46. Rb8 Rc7
47. e6+ Kf6 48. Rf8+ Ke7 49. Rf7+ Kd8 50. Kc5 Nxg3 51. Rf8+ Ke7 52. Rf7+
1/2-1/2

[Event "IHEM 2001"]
[Site "?"]
[Date "2001.06.03"]
[Round "2.14"]
[White "Meier, David-Geffrey"]
[Black "Lindinger, Markus"]
[Result "1-0"]
[WhiteElo "2083"]
[BlackElo "2299"]
[PlyCount "59"]
[EventDate "2001.??.??"]

1. d4 Nf6 2. c4 g6 3. Nc3 d5 4. Nf3 Bg7 5. Bg5 Ne4 6. Bh4 Nxc3 7. bxc3 dxc4 8.
Qa4+ Nd7 9. e3 O-O 10. Qxc4 b6 11. Qc6 Rb8 12. Qa4 Bb7 13. Qxa7 Nc5 14. Qa3 Ra8
15. Qc1 Ne4 16. Bd3 c5 17. O-O Qd6 18. Rd1 Rfc8 19. Qb2 Nxc3 20. Qxc3 cxd4 21.
Qe1 Bxf3 22. gxf3 dxe3 23. Be4 exf2+ 24. Bxf2 Qf4 25. Bxa8 Bxa1 26. Rxa1 Rxa8
27. Qe4 Qg5+ 28. Kh1 Ra3 29. Bxb6 Qb5 30. Bd4 1-0

[Event "IHEM 2001"]
[Site "?"]
[Date "2001.06.03"]
[Round "2.15"]
[White "Trisic, Alexandar"]
[Black "Fjodorow, Peter"]
[Result "1-0"]
[WhiteElo "2283"]
[BlackElo "2000"]
[PlyCount "61"]
[EventDate "2001.??.??"]

1. Nf3 Nf6 2. d4 g6 3. Nc3 d5 4. Bf4 Bg7 5. e3 O-O 6. Be2 b6 7. Ne5 Bb7 8. h4
Nbd7 9. h5 Nxe5 10. Bxe5 Ne4 11. hxg6 hxg6 12. Nxe4 Bxe5 13. Ng5 Bg7 14. f4 e5
15. Qd2 exf4 16. exf4 c5 17. Nf3 Re8 18. O-O-O Rc8 {(=)} 19. c3 cxd4 20. Nxd4
Re4 21. Kb1 Qd6 22. g3 Bxd4 23. cxd4 Rce8 24. Bb5 Bc6 25. Qh2 Kf8 26. Bd3 Re3
27. Qh4 Qe6 28. Bc2 Re2 29. Qg5 Kg8 30. f5 Qe3 31. Qf6 1-0

[Event "IHEM 2001"]
[Site "?"]
[Date "2001.06.04"]
[Round "3.2"]
[White "Lanka, Zigurds"]
[Black "Rogozenko, Dorian"]
[Result "1/2-1/2"]
[WhiteElo "2483"]
[BlackElo "2537"]
[PlyCount "45"]
[EventDate "2001.??.??"]

1. e4 c5 2. Nf3 d6 3. d4 cxd4 4. Nxd4 Nf6 5. Nc3 a6 6. Be3 Ng4 7. Bc1 Nf6 8.
Be3 Ng4 9. Bg5 h6 10. Bh4 g5 11. Be2 Bg7 12. Bg3 h5 13. Bxg4 hxg4 14. Qd2 Qa5
15. Rd1 Nc6 16. Nde2 Be6 17. Nd5 Qxd2+ 18. Rxd2 Bxd5 19. exd5 Ne5 20. Bxe5 Bxe5
21. c3 Kd7 22. Rd3 Rh7 23. h3 1/2-1/2

[Event "IHEM 2001"]
[Site "?"]
[Date "2001.06.04"]
[Round "3.3"]
[White "Levin, Felix"]
[Black "Rausis, Igors"]
[Result "0-1"]
[WhiteElo "2535"]
[BlackElo "2500"]
[PlyCount "64"]
[EventDate "2001.??.??"]

1. Nf3 g6 2. d4 Bg7 3. e4 d6 4. Nc3 a6 5. Be3 b5 6. Bd3 Bb7 7. e5 Nd7 8. e6
fxe6 9. Ng5 Nf8 10. O-O Nf6 11. Re1 Qd7 12. Bd2 h6 13. Nf3 g5 14. a4 b4 15. Ne4
Nxe4 16. Bxe4 Bxe4 17. Rxe4 Qc6 18. Qe2 Rb8 19. c3 bxc3 20. bxc3 Bf6 21. c4 Rb2
22. Re1 Qxa4 23. d5 e5 24. Nxe5 dxe5 25. Qh5+ Kd8 26. Bc3 Rxf2 27. Bxe5 Qc2 28.
Bxf6 Rxf6 29. R4e2 Qxc4 30. Rxe7 Rf1+ 31. Rxf1 Qc5+ 32. Rf2 Qxe7 0-1

[Event "IHEM 2001"]
[Site "?"]
[Date "2001.06.04"]
[Round "3.4"]
[White "Buhr, Carl Christian"]
[Black "Brodsky, Michail"]
[Result "1/2-1/2"]
[WhiteElo "2392"]
[BlackElo "2529"]
[PlyCount "77"]
[EventDate "2001.??.??"]

1. d4 Nf6 2. Nf3 e6 3. c4 b6 4. g3 Ba6 5. Qc2 Bb7 6. Bg2 c5 7. O-O Nc6 8. dxc5
Bxc5 9. Nc3 O-O 10. Rd1 Rc8 11. a3 Be7 12. e4 Ng4 13. h3 Nge5 14. Nxe5 Nxe5 15.
b3 Bc6 16. f4 Ng6 17. Qe2 Qc7 18. Bb2 a6 19. Kh1 Rfe8 20. Rac1 Qb8 21. a4 Rcd8
22. Rd3 d6 23. Rcd1 b5 24. axb5 axb5 25. cxb5 Bxb5 26. Nxb5 Qxb5 27. Qd2 Rc8
28. Ba3 d5 29. Bxe7 Nxe7 30. exd5 Nxd5 31. Bxd5 exd5 32. Rxd5 Qxb3 33. Rd3 {(=)
} 33... Qe6 34. Qg2 h6 35. Rd6 Qb3 36. R6d3 Rc1 37. Rxc1 Qxd3 38. Rc2 h5 39. h4
1/2-1/2

[Event "IHEM 2001"]
[Site "?"]
[Date "2001.06.04"]
[Round "3.5"]
[White "Loeffler, Stefan"]
[Black "Breyther, Ruediger"]
[Result "1/2-1/2"]
[WhiteElo "2413"]
[BlackElo "2363"]
[PlyCount "92"]
[EventDate "2001.??.??"]

1. Nf3 Nf6 2. g3 d5 3. Bg2 c6 4. O-O Bg4 5. Ne5 Bh5 6. d4 e6 7. c4 Be7 8. Nc3
O-O 9. Qb3 Nbd7 10. Qxb7 Nxe5 11. dxe5 Nd7 12. Qxc6 Nxe5 13. Qa6 Nxc4 14. e4 d4
15. Qxc4 Rc8 16. Qa6 dxc3 17. bxc3 Rxc3 18. Qxa7 Be2 19. Re1 Bc5 20. Qa4 Qd3
21. Bf1 Bxf1 22. Rxf1 {(=)} 22... Qe2 23. e5 Rf3 24. Be3 Bxe3 25. fxe3 Qxe3+
26. Kh1 Qxe5 27. Rxf3 Qxa1+ 28. Kg2 Qb2+ 29. Rf2 Qb7+ 30. Kg1 Rc8 31. Qf4 h6
32. h4 Rd8 33. Rd2 Rc8 34. Kh2 Kh7 35. Rf2 f5 36. g4 fxg4 37. Qxg4 Qb8+ 38. Kh3
Qb1 39. Kh2 Rc1 40. Qxe6 Rh1+ 41. Kg3 Qb8+ 42. Rf4 Rg1+ 43. Kf2 Qxf4+ 44. Kxg1
Qxh4 45. Qf5+ Kg8 46. Qd5+ Kf8 {(=)} 1/2-1/2

[Event "IHEM 2001"]
[Site "?"]
[Date "2001.06.04"]
[Round "3.6"]
[White "Reddmann, Hauke"]
[Black "Ftacnik, Lubomir"]
[Result "1-0"]
[WhiteElo "2337"]
[BlackElo "2618"]
[PlyCount "69"]
[EventDate "2001.??.??"]

1. d4 e6 2. Nf3 c5 3. dxc5 Bxc5 4. e4 Nf6 5. Bd3 Nc6 6. a3 Ng4 7. O-O Qc7 8.
Nc3 a6 9. Ne2 b5 10. h3 Nge5 11. Nxe5 Nxe5 12. b4 Bb6 13. Bf4 Bb7 14. a4 f5 15.
axb5 fxe4 16. bxa6 Bc6 17. Bc4 O-O 18. Bg3 Rae8 19. Bb3 d5 20. Nd4 Bd7 21. c3
Rc8 22. Ba4 Bxa4 23. Rxa4 e3 24. Ra2 Qc4 25. Re2 exf2+ 26. Kh2 Bxd4 27. cxd4
Nc6 28. Rxe6 Qxa6 29. Rxf2 Qc4 30. Rxf8+ Rxf8 31. Qg4 Nxd4 32. Bd6 Qc8 33. Bxf8
Nxe6 34. Bxg7 Qc7+ 35. Be5+ 1-0

[Event "IHEM 2001"]
[Site "?"]
[Date "2001.06.04"]
[Round "3.7"]
[White "Farago, Ivan"]
[Black "Heyken, Enno"]
[Result "1-0"]
[WhiteElo "2485"]
[BlackElo "2332"]
[PlyCount "69"]
[EventDate "2001.??.??"]

1. d4 Nf6 2. c4 e6 3. Nc3 Bb4 4. e3 O-O 5. Bd3 d5 6. Nf3 Nc6 7. O-O a6 8. h3 h6
9. a3 dxc4 10. Bxc4 Bd6 11. e4 e5 12. Be3 b5 13. Ba2 exd4 14. Bxd4 Nxd4 15.
Qxd4 c5 16. Qe3 b4 17. e5 bxc3 18. Rad1 Qe7 19. Qxc3 Bxe5 20. Nxe5 Ne4 21. Nc6
Qc7 22. Qe5 Qxe5 23. Nxe5 Be6 24. Bxe6 fxe6 25. Rfe1 Nf6 26. Nc4 Rfe8 27. Rd6
Kf7 28. Rc6 Re7 29. Rxc5 Nd5 30. Rc6 a5 31. b3 Kf6 32. g3 g5 33. Kg2 h5 34. Re5
Rb8 35. Rxd5 1-0